000 00518nam a22001577a 4500
999 _c36491
_d36491
003 OSt
005 20260220150937.0
008 260220b ||||| |||| 00| 0 eng d
040 _cBCRI
082 _a863.99361
100 1 _913829
_aGarcía Márquez, Gabriel
_d1927-2014
245 _aCien años de soledad
_bGabriel García Márquez
260 _a[Lugar de publicación no identificado]
_b[Editor no identificado]
_c[Fecha de publicación no identificada]
300 _a288 p.
_c17 cm.
942 _2ddc
_cBK
_hprozim